书目信息 |
| 题名: |
汽车排气污染治理及催化转化器
|
|
| 作者: | 王建昕 , 傅立新 编著 | |
| 分册: | ||
| 出版信息: | 北京 化学工业出版社 2000.05 |
|
| 页数: | 317页 | |
| 开本: | 16开 | |
| 丛书名: | ||
| 单 册: | ||
| 中图分类: | X734.201 | |
| 科图分类: | ||
| 主题词: | 废物 , 废物处理 , 废物综合利用 | |
| 电子资源: | ||
| ISBN: | 7-5025-2754-0 | |
| 000 | 00692nam0 2200229 45 | |
| 001 | 0012031509 | |
| 005 | 20001203153450.3 | |
| 010 | @a7-5025-2754-0@d38.00元 | |
| 100 | @a20001203d2000 km y0chiy0120 ea | |
| 101 | 0 | @achi |
| 105 | @a z 000yy | |
| 200 | 1 | @a汽车排气污染治理及催化转化器@AQi Che Pai Qi Wu Ran Zhi Li Ji Cui Hua Zhuan Hua Qi@f王建昕,傅立新编著@FWang Jian Xin,Fu Li Xin Bian Zhu |
| 210 | @a北京@c化学工业出版社@d2000.05 | |
| 215 | @a317页@d16开 | |
| 606 | 0 | @a废物 |
| 606 | 0 | @a废物处理 |
| 606 | 0 | @a废物综合利用 |
| 690 | @aX734.201@v3 | |
| 701 | 0 | @a王建昕@4编著 |
| 701 | 0 | @a傅立新@4编著 |
| 801 | @aCN@bPftUser@c20001203 | |
| 905 | @b511746-750@dX734.201@eW889@f5 | |
| 汽车排气污染治理及催化转化器/王建昕,傅立新编著.-北京:化学工业出版社,2000.05 |
| 317页;16开 |
| ISBN 7-5025-2754-0:38.00元 |
| ● |
| 相关链接 |
|
|
|
正题名:汽车排气污染治理及催化转化器
索取号:X734.201/W889
 
预约/预借
| 序号 | 登录号 | 条形码 | 馆藏地/架位号 | 状态 | 备注 |
| 1 | 511746 | 205117461 | 自科二线504/504自科库 32排4列2层/ [索取号:X734.201/W889] | 在馆 | |
| 2 | 511747 | 205117470 | 自科二线504/504自科库 32排4列2层/ [索取号:X734.201/W889] | 在馆 | |
| 3 | 511748 | 205117489 | 自科二线504/504自科库 32排4列2层/ [索取号:X734.201/W889] | 在馆 | |
| 4 | 511749 | 205117498 | 自科二线504/504自科库 32排4列2层/ [索取号:X734.201/W889] | 在馆 | |
| 5 | 511750 | 205117504 | 自科库501/501自科库 108排2列5层/ [索取号:X734.201/W889] | 在馆 |